Environmental assessment and development (Бичлэгийн дугаар. 145391)
| 000 -УДИРДЛАГА | |
|---|---|
| Удирдлага | 01157 a2200325 4500 |
| 003 - ХЯНАЛТЫН ТОО ТОДОРХОЙЛОГЧ | |
| Код | MN-UlNUM |
| 005 - БИЧИЛТ ХИЙСЭН ОГНОО | |
| Тухайн бичилтийг бичсэн засварласан сүүлийн огноо | 20260108141348.0 |
| 008 - ЕРӨНХИЙ МЭДЭЭЛЭЛ | |
| Ерөнхий мэдээлэл | 110605s1994 dcua b i000 0 eng |
| 020 ## - ISBN | |
| ISBN | 0821327623 |
| 040 ## - БИЧЛЭГ ҮҮСГЭГЧ БАЙГУУЛЛАГА | |
| Бичлэг үүсгэгч номын сангийн код | МУИС-ийн номын сан |
| 084 ## - ББК АНГИЛАЛ | |
| ББК ангилал | 65.304.14 |
| Зохиогчийн гурван тэмдэгт | E 58 |
| Нэмэлт тусгалт | Гарын авлага |
| Мэдлэгийн ялгаа | 65 - Эдийн засаг |
| 110 ## - ЭРХЛЭН ГАРГАСАН /БАЙГУУЛЛАГА/ | |
| Эрхлэн гаргасан байгууллага | International Association for Impact Assessment |
| Subordinate unit | Meeting |
| 245 00 - ҮНДСЭН ГАРЧИГ | |
| Номын нэр | Environmental assessment and development |
| Оролцогчдын тухай мэдээ | edited by Robert Goodland and Valerie Edmundson |
| 260 ## - ГАРАЛТЫН МЭДЭЭ | |
| Хэвлэгдсэн газар | Washington, D.C. : |
| Хэвлэлийн газар | World Bank |
| Хэвлэгдсэн он | 1994 |
| 300 ## - МАТЕРИАЛЫН ТОДОРХОЙЛОЛТ | |
| хуудасны тоо | 159p.: |
| 500 ## - Тайлбар | |
| Дансны дугаар | БС 5675, 4899 |
| 546 ## - ХЭЛНИЙ ТУХАЙ МЭДЭЭ | |
| Хэл | Англи хэл дээр, |
| 653 ## - Түлхүүр үг | |
| Түлхүүр үг | environmental risk assessment |
| 653 ## - Түлхүүр үг | |
| Түлхүүр үг | developing countries |
| 653 ## - Түлхүүр үг | |
| Түлхүүр үг | sustainable development |
| 700 1# - ХАМ ЗОХИОГЧИД | |
| Ба бус | Goodland, Robert J. A. |
| Dates associated with a name | 1939- |
| 700 1# - ХАМ ЗОХИОГЧИД | |
| Ба бус | Edmundson, Valerie |
| 740 ## - НОМЫН ГАРЧИГ | |
| Гарчиг | Environmental assessment and development |
| 740 ## - НОМЫН ГАРЧИГ | |
| Гарчиг | Case studies of environmental management in industrial and developing countries |
| 740 ## - НОМЫН ГАРЧИГ | |
| Гарчиг | Sectoral and social issues in environmental assessment |
| 740 ## - НОМЫН ГАРЧИГ | |
| Гарчиг | Environmental assessment and sustainability |
| 942 ## - ЭЛЕМЕНТИЙН ТӨРӨЛ | |
| Зүйлийн төрөл | Ном |
